Every Game On MCC Island - Statistics

General Stats
  • This quiz has been taken 51 times
  • The average score is 7 of 8
Answer Stats
First
Letter
Answer % Correct
B Battle Box
100%
S Sky Battle
95%
H Hole In The Wall
93%
T To Get To The Other Side
93%
R Rocket Spleef Rush
90%
D Dynaball
83%
P Parkour Warrior Survivor
80%
P Parkour Warrior Dojo
73%
No matching quizzes found
Score Distribution
Percent of People with Each Score
Percentile by Number Answered
Your Score History
You have not taken this quiz